Greek manufacturers of agricultural machinery equipment and supplies

Αποθηκεύτηκε σε:
Λεπτομέρειες βιβλιογραφικής εγγραφής
Μορφή: Βιβλίο
Γλώσσα:English
Δημοσίευση: Athens : Hellenic Export Promotion Organization, c1993
Θέματα:
Ετικέτες: Προσθήκη ετικέτας
Δεν υπάρχουν, Καταχωρήστε ετικέτα πρώτοι!

MARC

LEADER 00000nam a2200000 i 4500
001 1/65657
008 980825s1993 eng d
035 |l 10029677 
040 |a GR-MY-UA  |b gre  |e aacr 
041 0 |a eng 
082 0 |a 631.37495 
245 1 0 |a Greek manufacturers of agricultural machinery equipment and supplies 
260 |a Athens :   |b Hellenic Export Promotion Organization,   |c c1993 
300 |a 248 p.;  |c 28 cm 
650 0 0 |a Agricultural machinery  |x Industries  |z Greece. 
852 |a INST  |b CHIOS  |e 19980825  |h 631.37495 GRE  |p 005200015725  |q 005200015725  |t BK  |y 0 
901 |a BIBL-1998-2 
909 |a Χ  |b 054727 
922 |a 2ΔΩΡ  |b 199808 
970 |z 2000/09/ΔΕΜΕΝΑΓΑΣ